00921nam a2200229 i 450000100060000000300090000600500170001500700030003200800410003502000180007608000380009410000280013224501220016026000650028230000220034749000370036960000680040683000450047485200330051999900170055295201220056989104ES-MaACL20230906180057.0t|050201s2001 sp ||||1| spa d a84-9705-029-0 a821.134.2 Montengón, Pedro 1.061 aBlanco, Rogelio.92920410aPedro Montengón y Paret (1745-1824) b: un ilustrado entre la utopía y la realidad / cRogelio Blanco Martínez. aValencia : bUniversidad Politécnica de Valencia, c[2001] a414 p. ; c22 cm.1 aColección Letras humanas ; v414aMontengón, Pedro (d1745-1824)-xHistoria y crítica.9824590 aColección Letras humanas ; v49184298 aES-MaACLjL-28738 bR.135177 c89104d89104 00104070aATENEOMbATENEOMcDEPO2d2008-01-17eSCl0oL-28738p1093061r2023-02-23 00:00:00w2023-02-23yMONOGRAFIA